000 00628nam a2200217Ia 4500
003 IN-BaIIA
008 211028s9999 xx 000 0 eng d
020 _a978-0-495-11363-8
040 _cIIA Library
080 _a524.85
_bSEE
100 _aSeeds, Michael A.
_912378
245 0 _aHorizons exploring the universe
_cMichael A. Seeds
250 _a10th ed.
260 _aAustralia
_bThomson Brooks-Cole
_c2008
300 _axiii, 516p.
650 _aGalaxies
_91286
650 _aLife- solar system
_932310
650 _aThe sky
_99676
650 _aUniverse
_91987
942 _cBK
999 _c17148
_d17148